MARC

Tag First Indicator Second Indicator Subfields
LEADER 00000cam a2200000 a 4500
001 in00001070021
005 20150929103412.0
008 920120r19911990mdu b f000 0 eng d
010 |a (DG92064083  
035 |a (OCoLC)25133532 
035 |9 AFP6339AM 
040 |d GPO  |d DLC  |d UtOrBLW 
043 |a n-us--- 
074 |a 507-I-1 
086 0 |a HE 20.6502:N 93/3 
245 0 0 |a Nursing home reform and the mentally ill. 
264 1 |a Rockville, MD :  |b Agency for Health Care Policy and Research, U.S. Dept. of Health and Human Services, Public Health Service, Center for General Health Services Intramural Research,  |c [1991] 
300 |a pages [47]-60 ;  |c 28 cm. 
336 |a text  |b txt  |2 rdacontent 
337 |a unmediated  |b n  |2 rdamedia 
338 |a volume  |b nc  |2 rdacarrier 
490 1 |a AHCPR pub. ;  |v no. 91-0010 
500 |a Shipping list number: 91-323-P. 
500 |a Reprinted from Health affairs, winter 1990, pages [47]-60. 
500 |a "March 1991"--P. [4] of cover. 
504 |a Includes bibliographical references (page 60). 
610 2 0 |a National Medical Expenditure Survey (U.S.) 
650 0 |a Nursing home care  |z United States. 
650 0 |a Mentally ill  |x Care  |z United States. 
710 2 |a Center for General Health Services Intramural Research (U.S.) 
730 0 |a Health affairs (Philadelphia, Pa.) 
830 0 |a AHCPR pub. ;  |v 91-0010. 
999 |a MARS 
999 f f |s a45ea649-78df-3e44-9894-5c89bab2009b  |i 2fc9bee7-4ec9-3e7c-8d73-eec7bc453bef  |t 0 
952 f f |p normal  |a Texas A&M University  |b College Station  |c Sterling C. Evans Library  |d Evans: US Documents (Annex 5th floor)  |t 0  |e HE 20.6502: N 93/3  |h Superintendent of Documents classification  |i unmediated -- volume  |m A14816486261 
998 f f |a HE 20.6502: N 93/3  |t 0  |l Evans: US Documents (Annex 5th floor)